000 00977nam a2200265 4500
001 0000018130
003 CO-CtgCURN
005 20250331183922.0
007 ta
008 160627s1960 000 0 eng d
040 _aCO-CtgCURN
_bspa
_ccoctgcurn
082 0 _a225.56
_bB41n
245 0 0 _aNuevo testamento español e ingles :
_bBiblico.
260 _aPennsilvanya,
_c1960.
300 _a468 p.
336 _2rdacontent
337 _2rdamedia
_asin mediacion
_bn
338 _2rdacarrier
_avolumen
_bnc
500 _aIncluye lecturas recomendadas.
505 8 _aLa justicia de la fe.--La ley real.--El sermon del monte.--La regla de oro.--El camino de la salvacion.--Paz en tiempo de ansiedad.--Valor en tiempo de miedo.--En tiempo de cansancio.--En tiempo de tentacion.--En tiempo de gratitud
650 1 4 _aTexto españo
_vIngles.
908 _a160627
942 _cBK
_h225.56
_iB41n
_2ddc
999 _c17485
_d17485